<?xml version="1.0" encoding="UTF-8"?>
<collection xmlns="http://www.loc.gov/MARC21/slim">
 <record>
  <leader>02041nam  2200337#c 4500</leader>
  <controlfield tag="001">UMA-15912</controlfield>
  <controlfield tag="003">UMA</controlfield>
  <controlfield tag="005">20230415    193848</controlfield>
  <controlfield tag="008">150204suuuu####us###########||||#0#spa#d</controlfield>
  <datafield tag="336" ind1=" " ind2=" ">
   <subfield code="a">texto</subfield>
  </datafield>
  <datafield tag="337" ind1=" " ind2=" ">
   <subfield code="a">no mediado</subfield>
  </datafield>
  <datafield tag="338" ind1=" " ind2=" ">
   <subfield code="a">volumen</subfield>
  </datafield>
  <datafield tag="901" ind1=" " ind2=" ">
   <subfield code="a">DVD2399</subfield>
  </datafield>
  <datafield tag="080" ind1=" " ind2=" ">
   <subfield code="a">791.43</subfield>
  </datafield>
  <datafield tag="092" ind1=" " ind2=" ">
   <subfield code="a">SEDE CENTRAL DVD2399</subfield>
  </datafield>
  <datafield tag="245" ind1=" " ind2=" ">
   <subfield code="a">Los infiltrados</subfield>
   <subfield code="b">(2006)</subfield>
  </datafield>
  <datafield tag="100" ind1=" " ind2=" ">
   <subfield code="a">Scorsese</subfield>
   <subfield code="b">Martin</subfield>
  </datafield>
  <datafield tag="650" ind1=" " ind2=" ">
   <subfield code="a">Películas</subfield>
  </datafield>
  <datafield tag="650" ind1=" " ind2=" ">
   <subfield code="a">Cinematografía</subfield>
  </datafield>
  <datafield tag="650" ind1=" " ind2=" ">
   <subfield code="a">Films</subfield>
  </datafield>
  <datafield tag="650" ind1=" " ind2=" ">
   <subfield code="a">Materiales audiovisuales</subfield>
  </datafield>
  <datafield tag="650" ind1=" " ind2=" ">
   <subfield code="a">DVD</subfield>
  </datafield>
  <datafield tag="650" ind1=" " ind2=" ">
   <subfield code="a">Cine</subfield>
  </datafield>
  <datafield tag="650" ind1=" " ind2=" ">
   <subfield code="a">Filmoteca</subfield>
  </datafield>
  <datafield tag="650" ind1=" " ind2=" ">
   <subfield code="a">Realización audiovisual 1</subfield>
  </datafield>
  <datafield tag="650" ind1=" " ind2=" ">
   <subfield code="a">Biblioteca Central</subfield>
  </datafield>
  <datafield tag="041" ind1=" " ind2=" ">
   <subfield code="a">eng</subfield>
  </datafield>
  <datafield tag="044" ind1=" " ind2=" ">
   <subfield code="a">us#</subfield>
  </datafield>
  <datafield tag="500" ind1=" " ind2=" ">
   <subfield code="a">Argumento: El Departamento de Policía de Massachussets se ve envuelto en una guerra campal para derrotar a la mayor banda de crimen organizado de la ciudad. La estrategia es terminar con el reinado del poderoso jefe de la mafia Frank Costello (Jack Nicholson) desde dentro. A un joven novato, Billy Costigan (Leonardo DiCaprio), criado en el sur de Boston, se le encarga infiltrarse en la mafia dirigida por Costello. Mientras Billy intenta ganarse la confianza de Costello, otro joven policía que también ha surgido de las calles del sur, Colin Sullivan (Matt Damon), sube rápidamente de categoría dentro de la policía del Estado. Colin, que se ha ganado un buen puesto en la unidad de  investigaciones Especiales, forma parte de un grupo de oficiales de élite cuya misión es acabar con Costello. Pero lo que sus superiores no saben es que Colin trabaja para Costello, y le mantiene un paso por delante de la policía. Cada uno acaba totalmente consumido por su doble vida. Pero cuando los gánsteres y la policía se dan cuenta de que hay un topo entre ellos, Billy y Colin se encuentran en peligro constante de que les cojan y queden expuestos al enemigo, y cada uno debe darse prisa en desvelar la identidad del otro para salvarse a sí mismo.</subfield>
  </datafield>
  <datafield tag="300" ind1=" " ind2=" ">
   <subfield code="a">DVD (Película)</subfield>
  </datafield>
  <datafield tag="260" ind1=" " ind2=" ">
   <subfield code="a">Estados Unidos</subfield>
   <subfield code="b"> Warner Bros.</subfield>
   <subfield code="c">2006</subfield>
  </datafield>
 </record>
</collection>
